000 00693cab a2200205 4500
001 WB2610-11
008 090401t1990 xxu||||| |||| 00| 0 eng d
035 _a(Sirsi) u3375
041 _aeng
245 _aRICS welcomes homeless advice service
260 _c1990
350 _a0
490 _aRICS Press Release
_vPR22/90 2 March 1990 2 pages
520 _aThe RICS has welcomed the Government `s announcement of £1m for an advice service to prevent and relieve homeless ness, but argues that the Government must accept responsibility for much more fundamental action.
650 _aHOUSING
650 _aMARKET
690 _aECONOMIC AND SOCIAL
942 _n0
948 _c04/03/1997
999 _c2071
_d2071